LEADER 02901oam 2200697I 450 001 9910461513603321 005 20200520144314.0 010 $a1-283-37936-8 010 $a9786613379368 010 $a0-203-83504-2 010 $a1-136-85371-5 024 7 $a10.4324/9780203835043 035 $a(CKB)2670000000137340 035 $a(EBL)668821 035 $a(OCoLC)769927124 035 $a(SSID)ssj0000576166 035 $a(PQKBManifestationID)11345292 035 $a(PQKBTitleCode)TC0000576166 035 $a(PQKBWorkID)10553601 035 $a(PQKB)11415984 035 $a(MiAaPQ)EBC668821 035 $a(Au-PeEL)EBL668821 035 $a(CaPaEBR)ebr10522474 035 $a(CaONFJC)MIL337936 035 $a(OCoLC)828745740 035 $a(EXLCZ)992670000000137340 100 $a20180706d2011 uy 0 101 0 $aeng 135 $aur|n|---||||| 181 $ctxt 182 $cc 183 $acr 200 10$aSpiritual purification and Islam $ethe life and works of al-Muhasibi /$fGavin Picken 210 1$aLondon :$cRoutledge,$d2011. 215 $a1 online resource (265 p.) 225 1 $aRoutledge Sufi series ;$v11 300 $aDescription based upon print version of record. 311 $a1-138-78027-8 311 $a0-415-54822-5 320 $aIncludes bibliographical references and index. 327 $aThe Abbasid crucible: the historical background to al-Muhasibi's life -- Master of the wayfarers: the life of al-Harith al-Muhasibi -- The wayfarer's legacy: the works of al-Harith al-Muhasibi -- Purification of the soul: the concept of tazkiyat al-nafs in Islam -- Purification of the soul in the formative period: al-Muhasibi's methodology of tazkiyat al-nafs. 330 $aPurification of the soul is a principle that is central to understanding Islamic spirituality but despite this, relatively little has been written explicitly in the Islamic tradition regarding this discrete method of spiritual purification. This book examines the work of a scholar of this discipline, al-H?rith al-Muh?sib?, who lived and worked during the classical Islamic period under the Abb?sids. Although al-Muh?sib? was well known for his skills in many disciplines, including the Qur'?n, Prophetic narration and scholastic theology, it is his mastery in the field of Islamic spiritu 410 0$aRoutledge Sufi series ;$v11. 606 $aMuslim scholars$vBiography 606 $aSufis$vBiography 606 $aSoul$xIslam 606 $aSufism 608 $aElectronic books. 615 0$aMuslim scholars 615 0$aSufis 615 0$aSoul$xIslam. 615 0$aSufism. 676 $a297.4092 700 $aPicken$b Gavin N.$0983796 801 0$bMiAaPQ 801 1$bMiAaPQ 801 2$bMiAaPQ 906 $aBOOK 912 $a9910461513603321 996 $aSpiritual purification and Islam$92246106 997 $aUNINA LEADER 01133nam0 22002651i 450 001 UON00284733 005 20231205103855.713 100 $a20061201d1984 |0itac50 ba 101 $agre 102 $aGR 105 $a|||| ||||| 200 1 $aTetrakosia grammata tou Kazantzake ston Prebelake$ekai saranta alla Autographa ekdidomena me Scholia, ena Schediasma 'Esoterikes Biografia kai te Chronografia tou Biou tou N. Kazantzake apo ton P. Prevelake 205 $a2. ekd 210 $aAthena$cElene N. Kazantzake$d1984 215 $a87, 753 p., [37] tav.$d21 cm. 620 $aGR$dAtene$3UONL000203 676 $a889$cLetteratura greca moderna$v21 700 1$aKAZANTZAKES$bNikos$3UONV139384$0452565 712 $aKazantzakes$3UONV271355$4650 801 $aIT$bSOL$c20240220$gRICA 899 $aSIBA - SISTEMA BIBLIOTECARIO DI ATENEO$2UONSI 912 $aUON00284733 950 $aSIBA - SISTEMA BIBLIOTECARIO DI ATENEO$dSI GRECO A 1711 $eSI EO 39039 5 1711 996 $aTetrakosia grammata tou Kazantzake ston Prebelake$91245447 997 $aUNIOR